Black history : (Record no. 1370)

MARC details
000 -LEADER
fixed length control field 00965nam a2200169 a 4500
005 - DATE AND TIME OF LATEST TRANSACTION
control field 20260322212057.0
008 - FIXED-LENGTH DATA ELEMENTS--GENERAL INFORMATION
fixed length control field data
090 ## - LOCALLY ASSIGNED LC-TYPE CALL NUMBER (OCLC); LOCAL CALL NUMBER (RLIN)
Classification number (OCLC) (R) ; Classification number, CALL (RLIN) (NR) DVD 323 B533 2009
001 - CONTROL NUMBER
control field data
245 10 - TITLE STATEMENT
Title Black history :
Remainder of title a retrospective.
260 ## - PUBLICATION, DISTRIBUTION, ETC.
Place of publication, distribution, etc. [Golden Valley, Minn.] :
Name of publisher, distributor, etc. Mill Creek Entertainment,
Date of publication, distribution, etc. 2009.
300 ## - PHYSICAL DESCRIPTION
Extent Visual Material : Videorecording : DVD video 3 videodiscs (ca. 888 min.) : sd., col. and
Other physical details 4 3/4 in.
500 ## - GENERAL NOTE
General note Documentary./ Title from container./ "40 documentary collection."/ Audience: MPAA rating: Not rated.
520 3# - SUMMARY, ETC.
Summary, etc. Features the life, culture, and accomplishments of some of the most influential African Americans in history from the United States. From the oppression and hardship during the time of the Civil War to civil rights movements that paved the way to this country's first African-American president. A definitive retrospective of Black history in America.
650 #0 - SUBJECT ADDED ENTRY--TOPICAL TERM
Topical term or geographic name entry element African Americans
General subdivision History
650 #0 - SUBJECT ADDED ENTRY--TOPICAL TERM
Topical term or geographic name entry element African Americans
General subdivision Biography
Holdings
Withdrawn status Lost status Damaged status Not for loan Home library Current library Shelving location Date acquired Total checkouts Full call number Barcode Date last seen Price effective from Koha item type
        Franklin Franklin General stacks 22/03/2026   GEN BC0011416 22/03/2026 22/03/2026 Books